Online katalóg knižníc regiónu Turca

Svätý duch : (Record no. 21381)

MARC details
000 -LEADER
fixed length control field 00913nam a22002891 4500
001 - CONTROL NUMBER
control field 21381
003 - CONTROL NUMBER IDENTIFIER
control field CZ PrNK
005 - DATE AND TIME OF LATEST TRANSACTION
control field 20260228115218.0
008 - FIXED-LENGTH DATA ELEMENTS--GENERAL INFORMATION
fixed length control field 020405s1952 xo g 00| 1 slo
040 ## - CATALOGING SOURCE
Original cataloging agency ABA001
Language of cataloging cze
Transcribing agency ABA001
Modifying agency ABA001
072 #7 - SUBJECT CATEGORY CODE
Subject category code 821.162.4
Subject category code subdivision Slovenská literatura
Source Konspekt
080 ## - UNIVERSAL DECIMAL CLASSIFICATION NUMBER
Universal Decimal Classification number 821.162.4-34
Edition identifier MRF
080 ## - UNIVERSAL DECIMAL CLASSIFICATION NUMBER
Universal Decimal Classification number (0:82-321.6)
Edition identifier MRF
100 1# - MAIN ENTRY--PERSONAL NAME
Personal name Kalinčiak, Ján,
Dates associated with a name 1822-1871
Relationship aut
245 10 - TITLE STATEMENT
Title Svätý duch :
Remainder of title povesti /
Statement of responsibility, etc. Ján Kalinčiak
250 ## - EDITION STATEMENT
Edition statement 1. vyd.
260 ## - PUBLICATION, DISTRIBUTION, ETC.
Place of publication, distribution, etc. Martin :
Name of publisher, distributor, etc. Matica slovenská,
Date of publication, distribution, etc. 1952
300 ## - PHYSICAL DESCRIPTION
Extent 224 s. ;
Dimensions
490 1# - SERIES STATEMENT
Series statement Slovenský literárny odkaz
490 1# - SERIES STATEMENT
Series statement Spisy / Ján Kalinčiak ;
Volume/sequential designation sv. 2
655 #7 - INDEX TERM--GENRE/FORM
Genre/form data or focus term slovenské pověsti
Source of term czenas
655 #7 - INDEX TERM--GENRE/FORM
Genre/form data or focus term historické příběhy
Source of term czenas
800 1# - SERIES ADDED ENTRY--PERSONAL NAME
Personal name Kalinčiak, Ján,
Dates associated with a name 1822-1871.
Title of a work Spisy (Matica slovenská)
830 #0 - SERIES ADDED ENTRY--UNIFORM TITLE
Uniform title Slovenský literárny odkaz
910 ## - USER-OPTION DATA (OCLC)
User-option data ABA001
942 ## - ADDED ENTRY ELEMENTS (KOHA)
Source of classification or shelving scheme Dewey Decimal Classification
Koha item type Krásna literatúra pre dospelých
Suppress in OPAC No
Holdings
Stav vyradenia Strata Poškodenie Spôsob nadobudnutia Domovská knižnica Aktuálna knižnica Dátum nadobudnutia Total checkouts Čiarový kód exemplára Date last seen Typ exemplára
      Dar Obecná knižnica Horná Štubňa Obecná knižnica Horná Štubňa 28.02.2026   4736201555 28.02.2026 Krásna literatúra pre dospelých
Projekt je podporený Slovenskou asociáciou knižníc
Prevádzkuje Turčianska knižnica Martin 2026